| 000 | 01394nam a22003254a 4500 | ||
|---|---|---|---|
| 001 | ebr10202641 | ||
| 003 | CaPaEBR | ||
| 006 | m u | ||
| 007 | cr cn||||||||| | ||
| 008 | 020408s2002 ncua sb s001 0 eng | ||
| 020 | _z0807827525 (alk. paper) | ||
| 020 | _z0807854204 (pbk. : alk. paper) | ||
| 040 |
_aCaPaEBR _cCaPaEBR |
||
| 035 | _a(OCoLC)615017106 | ||
| 043 | _an-us--- | ||
| 050 | 1 | 4 |
_aBV656 _b.H36 2002eb |
| 082 | 0 | 4 |
_a269/.26/0973 _221 |
| 100 | 1 | _aHangen, Tona J. | |
| 245 | 1 | 0 |
_aRedeeming the dial _h[electronic resource] : _bradio, religion & popular culture in America / _cTona J. Hangen. |
| 260 |
_aChapel Hill : _bUniversity of North Carolina Press, _cc2002. |
||
| 300 |
_aix, 220 p. : _bill. |
||
| 504 | _aIncludes bibliographical references (p. [189]-207) and index. | ||
| 533 |
_aElectronic reproduction. _bPalo Alto, Calif. : _cebrary, _d2013. _nAvailable via World Wide Web. _nAccess may be limited to ebrary affiliated libraries. |
||
| 650 | 0 |
_aRadio in religion _zUnited States _xHistory _y20th century. |
|
| 650 | 0 |
_aEvangelicalism _zUnited States _xHistory _y20th century. |
|
| 650 | 0 |
_aReligious broadcasting _xChristianity _xHistory _y20th century. |
|
| 655 | 7 |
_aElectronic books. _2local |
|
| 710 | 2 | _aebrary, Inc. | |
| 856 | 4 | 0 |
_uhttp://site.ebrary.com/lib/rucke/Doc?id=10202641 _zAn electronic book accessible through the World Wide Web; click to view |
| 999 |
_c119111 _d119111 |
||